Design Arguments and Aquinas's Fifth Way

Saved in:  
Bibliographic Details
Main Author: Kerr, Gavin (Author)
Format: Electronic Article
Language:English
Check availability: HBZ Gateway
Interlibrary Loan:Interlibrary Loan for the Fachinformationsdienste (Specialized Information Services in Germany)
Published: [2018]
In: The Thomist
Year: 2018, Volume: 82, Issue: 3, Pages: 447-471
RelBib Classification:KAE Church history 900-1300; high Middle Ages
NBC Doctrine of God
NBD Doctrine of Creation
VA Philosophy
Online Access: Volltext (Resolving-System)
Volltext (doi)

MARC

LEADER 00000caa a22000002c 4500
001 1665016434
003 DE-627
005 20220308095029.0
007 cr uuu---uuuuu
008 190508s2018 xx |||||o 00| ||eng c
024 7 |a 10.1353/tho.2018.0026  |2 doi 
035 |a (DE-627)1665016434 
035 |a (DE-599)KXP1665016434 
040 |a DE-627  |b ger  |c DE-627  |e rda 
041 |a eng 
084 |a 1  |2 ssgn 
100 1 |e VerfasserIn  |0 (DE-588)1046757105  |0 (DE-627)777035499  |0 (DE-576)400091321  |4 aut  |a Kerr, Gavin 
109 |a Kerr, Gavin 
245 1 0 |a Design Arguments and Aquinas's Fifth Way  |c Gaven Kerr 
264 1 |c [2018] 
336 |a Text  |b txt  |2 rdacontent 
337 |a Computermedien  |b c  |2 rdamedia 
338 |a Online-Ressource  |b cr  |2 rdacarrier 
601 |a Argumentation 
652 |a KAE:NBC:NBD:VA 
773 0 8 |i Enthalten in  |t The Thomist  |d Washington, DC : Thomist Press, 1939  |g 82(2018), 3, Seite 447-471  |h Online-Ressource  |w (DE-627)324743165  |w (DE-600)2030270-8  |w (DE-576)093981724  |x 2473-3725  |7 nnas 
773 1 8 |g volume:82  |g year:2018  |g number:3  |g pages:447-471 
856 4 0 |u https://muse.jhu.edu/article/720398  |x Resolving-System  |3 Volltext  |7 1 
856 |u https://doi.org/10.1353/tho.2018.0026  |x doi  |3 Volltext 
935 |a mteo 
951 |a AR 
ELC |a 1 
ITA |a 1  |t 1 
LOK |0 000 xxxxxcx a22 zn 4500 
LOK |0 001 3472268298 
LOK |0 003 DE-627 
LOK |0 004 1665016434 
LOK |0 005 20220621140822 
LOK |0 008 190508||||||||||||||||ger||||||| 
LOK |0 035   |a (DE-Tue135)IxTheo#2020-02-28#09971793D5C5E59FF2D6DBBFDBC763269ED31C7A 
LOK |0 040   |a DE-Tue135  |c DE-627  |d DE-Tue135 
LOK |0 092   |o n 
LOK |0 852   |a DE-Tue135 
LOK |0 852 1  |9 00 
LOK |0 935   |a ixzs  |a ixzo  |a zota 
LOK |0 936ln  |0 1442051531  |a NBD 
LOK |0 936ln  |0 1442051507  |a NBC 
LOK |0 936ln  |0 1442053844  |a VA 
LOK |0 936ln  |0 1442044462  |a KAE 
LOK |0 939   |a 08-05-19  |b l01 
ORI |a SA-MARC-ixtheoa001.raw 
REL |a 1 
SUB |a REL